Statistics for Do you know Steph curry

Click here to take the quiz!

General Stats

  • This quiz has been taken 332 times
  • The average score is 8 of 10

Answer Stats

QuestionAnswer% Correct
What's Steph curry's jersey number30
97%
Steph curry is a splash brother the other isKlay Thomson
97%
What's steph curry's real namesStephen
97%
What other sport does curry playGolf
93%
How tall is Steph curry6 foot 3
92%
Can Steph curry dunk in-gameYes
79%
What year was curry borned1988
72%
What was Steph curry's rookie season2009-20010
71%
How many years has curry been a all star6 times
48%
How old is Steph curry31
47%

Score Distribution

Percentile by Number Answered

Percent of People with Each Score

Your Score History

You have not taken this quiz